Marcel Lecomte / (Record no. 62892)
[ view plain ]
| 000 -LEADER | |
|---|---|
| fixed length control field | 00679nam a2200241 a 4500 |
| 001 - CONTROL NUMBER | |
| control field | 62892 |
| 003 - CONTROL NUMBER IDENTIFIER | |
| rucl marc code | BD-RjUL |
| 005 - DATE AND TIME OF LATEST TRANSACTION | |
| control field | 20211209081134.0 |
| 008 - FIXED-LENGTH DATA ELEMENTS--GENERAL INFORMATION | |
| fixed length control field | 170126s1970 fr a 001 0bfre d |
| 035 ## - SYSTEM CONTROL NUMBER | |
| System control number | (BD-RjUL)63020 |
| 040 ## - CATALOGING SOURCE | |
| Original cataloging agency | DLC |
| Transcribing agency | GUA |
| Modifying agency | BD-RjUL |
| Language of cataloging | eng |
| 041 ## - LANGUAGE CODE | |
| Language code of text/sound track or separate title | eng |
| 082 ## - DEWEY DECIMAL CLASSIFICATION NUMBER | |
| Edition number | 23 |
| Classification number | 841 |
| Author mark and year | BOM 1970 |
| 100 1# - MAIN ENTRY--PERSONAL NAME | |
| Personal name | Bodart, Marie Thérèse |
| 9 (RLIN) | 187011 |
| 245 10 - TITLE STATEMENT | |
| Title | Marcel Lecomte / |
| Statement of responsibility, etc. | Marie-Thérèse Bodart |
| 260 ## - PUBLICATION, DISTRIBUTION, ETC. (IMPRINT) | |
| Place of publication, distribution, etc. | Paris : |
| Name of publisher, distributor, etc. | Seghers, |
| Date of publication, distribution, etc. | 1970. |
| 300 ## - PHYSICAL DESCRIPTION | |
| Pagination | 191 p. : |
| Illustrations | ill. ; |
| Size | 16 cm. |
| 490 ## - SERIES STATEMENT | |
| Series statement | Poètes d'aujourd'hui . |
| Volume/sequential designation | 194 |
| 500 ## - GENERAL NOTE | |
| General note | Include index. |
| 600 10 - SUBJECT ADDED ENTRY--PERSONAL NAME | |
| Personal name | Lecomte, Marcel |
| 830 #0 - SERIES ADDED ENTRY--UNIFORM TITLE | |
| Uniform title | Poètes d'aujourd'hui ; |
| Volume number/sequential designation | 194 |
| 942 ## - ADDED ENTRY ELEMENTS (KOHA) | |
| Source of classification or shelving scheme | Dewey Decimal Classification |
| Koha item type | Books |
| Lost status | Source of classification or shelving scheme | Damaged status | Not for loan | Collection code | Permanent Location | Current Location | Shelving location | Date acquired | Total Checkouts | Full call number | Date last seen | Copy number | Koha item type |
|---|---|---|---|---|---|---|---|---|---|---|---|---|---|
| Dewey Decimal Classification | Not For Loan | Non-fiction | Central Library, University of Rajshahi | Central Library, University of Rajshahi | Reading Room | 25/05/2008 | 841 BOM 1970 | 26/01/2017 | C-1 | Books |